000 01203njm a2200313Ia 4500
001 A5736
003 IT-RoPAU
005 20220918181147.0
008 131025s9999 xx 000 0 und d
040 _aIT-RoPAU
040 _cIT-RoPAU
041 _aITALIANO
999 _c101788
_d101788
999 _bn.d.
100 _aMariano Luigi
_928225
100 _eAutore musica
_928226
100 _gCodice autore musica SPICS: 23932
_928227
245 _aVenite a me
250 _a1a ed.
260 _aROMA
260 _bEP - MUSICALI E DISCOGRAFICHE
_c1992 [1a Ed.:1992 - Ed. Lingua Orig.: 1992]
300 _aMUSICASSETTA
300 _c28 minuti (Testo: 0 pag.)
500 _aMusica religiosa, liturgica. Messa per giovani assemblee.
505 _aDio dell'unità - Signore pietà - Gloria a Dio - Noi ti lodiamo - Alleluia, io sono la luce - Benedici questa vita - Santo - Pace alle genti - Venite a me - Mi insegnerai ad amare - Incontro a te
650 _aLITURGICO [CASSETTE]
_eCodice MATERIA SPICS: 9951
_95632
700 _aMariano Luigi
_eAutore testo e musica
_gCodice autore testo/musica SPICS: 23932
_928228
700 _aMariano Luigi
_gCodice interprete SPICS: 23932
_eInterprete
_928229
942 _cMC
_2ddc